Batman : (Registro nro. 4319)

Detalles MARC
000 -LEADER
fixed length control field 00615nam a2200205Ia 4500
003 - CONTROL NUMBER IDENTIFIER
control field OSt
005 - DATE AND TIME OF LATEST TRANSACTION
control field 20200616183943.0
008 - FIXED-LENGTH DATA ELEMENTS--GENERAL INFORMATION
fixed length control field 191128s2013 sp a gr 000 j spa d
020 ## - INTERNATIONAL STANDARD BOOK NUMBER
International Standard Book Number 9788415990062
040 ## - CATALOGING SOURCE
Original cataloging agency CO-JMCR
Transcribing agency CO-JMCR
041 ## - LANGUAGE CODE
Language code of text/sound track or separate title spa
082 04 - DEWEY DECIMAL CLASSIFICATION NUMBER
Classification number H /
Item number PAKb
100 1# - MAIN ENTRY--PERSONAL NAME
Personal name Pak, Greg,
Relator term autor
9 (RLIN) 5660
245 10 - TITLE STATEMENT
Title Batman :
Remainder of title superman /
Statement of responsibility, etc. Greg Pak ; ilustrador Jae Lee
260 ## - PUBLICATION, DISTRIBUTION, ETC.
Place of publication, distribution, etc. España :
Name of publisher, distributor, etc. Ecce ediciones : Dc Comics,
Date of publication, distribution, etc. 2013
300 ## - PHYSICAL DESCRIPTION
Extent 30 páginas sin numerar :
Other physical details ilustraciones a color ;
Dimensions 26 cm.
650 ## - SUBJECT ADDED ENTRY--TOPICAL TERM
Topical term or geographic name entry element Tiras comica
9 (RLIN) 5661
700 ## - ADDED ENTRY--PERSONAL NAME
Personal name Lee, Jae,
Relator term ilustrador
9 (RLIN) 5662
942 ## - ADDED ENTRY ELEMENTS (KOHA)
Source of classification or shelving scheme Dewey Decimal Classification
Koha item type Books
Existencias
Withdrawn status Lost status Source of classification or shelving scheme Damaged status Not for loan Collection code Home library Current library Date acquired Source of acquisition Cost, normal purchase price Total Checkouts Total Renewals Full call number Barcode Date due Date last seen Date last checked out Copy number Koha item type
    Dewey Decimal Classification     Fiction Biblioteca Pública José María del Castillo y Rada Biblioteca Pública José María del Castillo y Rada 11/28/2019 Donación 0.00 12 12 H / PAKb 201809161 09/22/2021 01/05/2022 01/05/2022 Ej.1 Books